000 00834nam a2200229Ia 4500
001 9207
003 GE_BSU
008 181216s||||||||xx |||||||||||||| ||und||
020 _a9789941910357
040 _cGE_BSU
080 _a811.133.1
100 _aდიუბუა,ჟან., ლაგანი, რენე
245 _aფრანგული ენის ახალი გრამატიკა
245 _cთარგმნეს:ნაილი სვანიძემ;და მარინა ბალავაძემ
260 _aთბილისი.
260 _bაგორა
260 _c2008
300 _a308გვ;20სმ.
653 _aფრანგული ენა
653 _aფრანგული ენის ახალი გრამატიკა
942 _cBK
999 _c42510
_d42510